| 000 | 00533nam a2200157 a 4500 | ||
|---|---|---|---|
| 001 | 000031962 | ||
| 005 | 20200930063321.0 | ||
| 008 | 110707s1993 dr ac 000 0 spa d | ||
| 040 |
_aDO-SdBNP _bspa _cBNPHU |
||
| 100 | 1 |
_aCruz, María Graciela de la _958126 |
|
| 245 | 1 | 0 |
_aMujer y poder : _bmódulo de trabajo con mujeres / _cMaría Graciela de la Cruz. |
| 260 |
_aSanto Domingo : _bCentro de Solidaridad para el Desarrollo de la Mujer, _c1993. |
||
| 300 |
_a26 p. : _bil.,retrs. ; _c28 cm. |
||
| 504 | _aBibliografía | ||
| 049 | _aBNPD | ||
| 999 |
_c31453 _d31453 |
||